Loading...
| Pop Culture | 0 | 2 | 0 | 0 | 20 | 11 | 46.50 | 1 | 2 |
| Mythology | 0 | 2 | 0 | 0 | 20 | 92 | 106.00 | 0 | 1 |
| Science - Biology | 0 | 1 | 0 | 0 | 10 | 120 | 120.00 | 0 | 0 |
| Science - Other Science | 0 | 1 | 0 | 1 | 10 | 111 | 111.00 | 0 | 1 |
| History - European History | 0 | 1 | 0 | 0 | 10 | 130 | 130.00 | 0 | 0 |
| Science - Chemistry | 0 | 1 | 0 | 0 | 10 | 107 | 107.00 | 0 | 0 |
| Literature - British Literature | 0 | 1 | 0 | 1 | 10 | 103 | 103.00 | 0 | 1 |
| Science - Physics | 0 | 0 | 0 | 0 | 0 | 0.00 | 0 | 0 | |
| Literature - European Literature | 0 | 0 | 0 | 0 | 0 | 0.00 | 0 | 0 | |
| Literature - World/Other Literature | 0 | 0 | 0 | 0 | 0 | 0.00 | 0 | 0 | |
| Religion | 0 | 0 | 0 | 0 | 0 | 0.00 | 0 | 0 | |
| Fine Arts - Visual Fine Arts | 0 | 0 | 0 | 0 | 0 | 0.00 | 0 | 0 | |
| History - American History | 0 | 0 | 2 | 0 | -10 | 0.00 | 0 | 0 |